London Underground Station with Colour Names - Statistics

General Stats
  • This quiz has been taken 784 times
  • The average score is 7 of 15
Answer Stats
Answer % Correct
Green Park
92%
White City
66%
Redbridge
63%
Blackfriars
61%
Blackhorse Road
53%
Whitechapel
49%
Turnham Green
44%
Wood Green
44%
Willesden Green
38%
Golders Green
37%
Parsons Green
36%
Stepney Green
33%
Bounds Green
32%
Bethnal Green
31%
Kensal Green
27%
No matching quizzes found
Score Distribution
Percent of People with Each Score
Percentile by Number Answered
Your Score History
You have not taken this quiz